| 000 | 00683nam a22002890a 4500 | ||
|---|---|---|---|
| 001 | UByD001365 | ||
| 003 | AR-LpoUNG | ||
| 005 | 20230415122457.0 | ||
| 008 | 230414s2022||||ag |||||||||||||||||spa d | ||
| 020 | _a9789878457611 | ||
| 040 |
_aAR-LpoUNG _bspa _cAR-LpoUNG _eaacr |
||
| 041 | _aspa | ||
| 044 | _aag | ||
| 082 | 0 | _aA861 726sol | |
| 100 | 1 | _aBorello, Mariela | |
| 245 | 1 | 3 | _aEl sol como derecho |
| 250 | _a1ra. ed. | ||
| 260 |
_aBuenos Aires : _bRyC, _c2022. |
||
| 300 | _a55 p. | ||
| 650 | 4 | _aARGENTINA | |
| 650 | 4 | _aLITERATURA | |
| 650 | 4 | _aPOESIA | |
| 653 | _aAUTORES LOCALES | ||
| 653 | _aLITERATURA ARGENTINA | ||
| 905 | _a55626 | ||
| 942 |
_cLIB _2ddc |
||
| 999 |
_c63922 _d63922 |
||